000
00286nam a22001337a 4500
008
180209b xxu||||| |||| 00| 0 eng d
020
_a
370249003
041
_a
eng
080
_a
R 030 LAC
100
_a
0
101
_a
LIB
245
_a
Libraries at Large
_c
Lacy, D
942
_2
udc
_c
BK
999
_c
42249
_d
42249